Sports Quiz

Random Sports or Basketball Quiz

Most NBA Single Game Points per Season Quiz Stats

Quiz Updated Nov 17, 2015

Challenge
Share
Tweet
Embed
Score 0/52 Timer 06:00
7 Plays Today
Year Answer % Correct
1986-1987Michael Jordan
98.3%
1987-1988Michael Jordan
98.3%
1988-1989Michael Jordan
98.3%
1989-1990Michael Jordan
98.3%
1992-1993Michael Jordan
98.3%
1995-1996Michael Jordan
98.3%
1996-1997Michael Jordan
98.3%
2002-2003Kobe Bryant
97.7%
2005-2006Kobe Bryant
97.7%
2006-2007Kobe Bryant
97.7%
2007-2008Kobe Bryant
97.7%
2008-2009Kobe Bryant
97.7%
2010-2011LeBron James
97.3%
2013-2014Carmelo Anthony
92.2%
1999-2000Shaquille O'Neal
91.9%
2001-2002Allen Iverson
91.8%
2004-2005Allen Iverson
91.8%
2012-2013Stephen Curry
91.6%
1998-1999Grant Hill, Allen Iverson, and Antonio McDyess
91.5%
1963-1964Wilt Chamberlain
90.5%
1964-1965Wilt Chamberlain
90.5%
1965-1966Wilt Chamberlain
90.5%
1966-1967Wilt Chamberlain
90.5%
1967-1968Wilt Chamberlain
90.5%
1968-1969Wilt Chamberlain
90.5%
1997-1998Karl Malone
87.6%
Year Answer % Correct
1981-1982Adrian Dantley and Moses Malone
87.2%
2014-2015Kyrie Irving
85.2%
1984-1985Larry Bird and Bernard King
84.7%
1993-1994David Robinson
83.6%
1985-1986Dominique Wilkins
76.4%
1991-1992Dominique Wilkins
76.4%
2011-2012Deron Williams
67%
2003-2004Tracy McGrady
65.2%
1978-1979George Gervin
58.8%
1979-1980George Gervin
58.8%
2009-2010Brandon Jennings
50.8%
1976-1977Pete Maravich
47.6%
1973-1974Rick Barry
47.4%
1974-1975Rick Barry
47.4%
1980-1981Adrian Dantley
46.3%
1982-1983Adrian Dantley
46.3%
2000-2001Jerry Stackhouse
35.5%
1994-1995Glen Rice
33.8%
1975-1976Bob McAdoo
33.4%
1977-1978David Thompson
32.1%
1970-1971Dave Bing
20.5%
1990-1991Michael Adams
10.1%
1969-1970Lou Hudson
9.7%
1971-1972Chet Walker
7.7%
1983-1984Purvis Short
4.7%
1972-1973Phil Chenier
2.6%

You're not logged in!

Compare scores with friends on all Sporcle quizzes.
Sign Up with Email
OR
Log In

You Might Also Like...

Show Comments

Extras

Top Quizzes Today


Score Distribution

Your Account Isn't Verified!

In order to create a playlist on Sporcle, you need to verify the email address you used during registration. Go to your Sporcle Settings to finish the process.